00321nam a2200121Ia 4500008004100000041000800041082001800049100001200067245004500079260003300124300003100157365001100188240624s9999 xx 000 0 und d aeng a658.40352 RAO aRAO P L aHRD TRAINER S HANDBOOK OF MANAGEMENT GAM c2010aNew DelhibExcel Books axiv, : 496 : p. : cm. ; 23 cRSb30